=LDR 00000nam 2200000 4500 =001 INLIS000000000024923 =005 20130612123455 =008 ***********************************Ind** =035 ##$$0010-061300000024923 =041 ##$$a Ind =082 ##$$a 155 =090 ##$$a 155, Las m =100 ##$$a Lask, Brian =245 ##$$a Memahami dan mengatasi masalah anak muda, Brian lask =260 ##$$a 1989 $b Jakrta =300 ##$$a 203 hlm, 21 cm =650 ##$$a Masalah anak muda =850 ##$$a NBPNMAT